000 005030000a22001690004500
003 MACL
005 20160309170605.0
008 160309b xxu||||| |||| 00| 0 eng d
040 _aMACL
_cMACL
041 _aHindi
082 _a891.432
100 _aवर्मा रामकुमार
_941290
245 _aध्रुव-तारिका
260 _bराजकमल प्रकाशन
_c1950
_aनई दिल्‍ली
650 _aDrama
_944318
942 _cHIN
_k891.432
_2ddc
999 _c23284
_d23284